<?xml version="1.0" encoding="UTF-8"?>
<collection xmlns="http://www.loc.gov/MARC21/slim">
 <record>
  <leader>00918nam a2200217Ia 4500</leader>
  <controlfield tag="001">TDMU_3313</controlfield>
  <controlfield tag="008">210410s9999    xx            000 0 und d</controlfield>
  <datafield tag="082" ind1=" " ind2=" ">
   <subfield code="a">895.92231 009</subfield>
  </datafield>
  <datafield tag="090" ind1=" " ind2=" ">
   <subfield code="b">NG450</subfield>
  </datafield>
  <datafield tag="100" ind1=" " ind2=" ">
   <subfield code="a">Ngô, Viết Dinh</subfield>
  </datafield>
  <datafield tag="245" ind1=" " ind2="0">
   <subfield code="a">Đến với Nguyễn Tuân</subfield>
  </datafield>
  <datafield tag="245" ind1=" " ind2="0">
   <subfield code="b">Tác phẩm tiêu biểu và lời bình</subfield>
  </datafield>
  <datafield tag="245" ind1=" " ind2="0">
   <subfield code="c">Ngô Viết Dinh tuyển chọn và biên tập</subfield>
  </datafield>
  <datafield tag="260" ind1=" " ind2=" ">
   <subfield code="a">H.</subfield>
  </datafield>
  <datafield tag="260" ind1=" " ind2=" ">
   <subfield code="b">Thanh niên</subfield>
  </datafield>
  <datafield tag="260" ind1=" " ind2=" ">
   <subfield code="c">2005</subfield>
  </datafield>
  <datafield tag="300" ind1=" " ind2=" ">
   <subfield code="a">498tr.</subfield>
  </datafield>
  <datafield tag="520" ind1=" " ind2=" ">
   <subfield code="a">NV Văn học Việt Nam hiện đại 1 (1900 - 1945)</subfield>
  </datafield>
  <datafield tag="650" ind1=" " ind2=" ">
   <subfield code="a">Truyện ngắn Việt Nam</subfield>
   <subfield code="x">Phê bình; Văn học Việt Nam</subfield>
   <subfield code="x">Truyện ngắn</subfield>
   <subfield code="x">Phê bình; Tác gia văn học</subfield>
   <subfield code="x">Nguyễn Tuân; Nguyễn, Tuân</subfield>
   <subfield code="x">Tác phẩm</subfield>
  </datafield>
  <datafield tag="856" ind1=" " ind2=" ">
   <subfield code="u">http://lrc.tdmu.edu.vn/opac/search/detail.asp?aID=2&amp;ID=3313</subfield>
  </datafield>
  <datafield tag="980" ind1=" " ind2=" ">
   <subfield code="a">Trung tâm Học liệu Trường Đại học Thủ Dầu Một</subfield>
  </datafield>
 </record>
</collection>
<br />
<b>Notice</b>:  fwrite(): write of 437 bytes failed with errno=28 No space left on device in <b>C:\vufind\module\VuFind\src\VuFind\Session\File.php</b> on line <b>152</b><br />
Cannot write session to C:\Windows\TEMP\vufind_sessions/sess_hm6m4j9h1neqqt8m0hha2sp9s4
<br />
<b>Warning</b>:  session_write_close(): Failed to write session data using user defined save handler. (session.save_path: \xampp\tmp) in <b>C:\vufind\vendor\laminas\laminas-session\src\SessionManager.php</b> on line <b>235</b><br />
